000 00332nab a22001097u 4500
008 130520b1988 xxu||||| |||| 00| 0 spa d
041 _aspa
100 1 _aReeves, M.
_967446
245 0 0 _aAdversarios del anticristo: Una concepción medieval
_cM. Reeves
773 0 _tConcilium
_gV.2,1988,págs.459-462
_x0210-1041
_wRev134
942 _cAR
999 _c355428
_d355428